[Event "IECG WC.2002.T.00001 email"]
[Site "IECG email"]
[Date "2001.06.15"]
[Round "?"]
[White "Kunzmann, Hector AT"]
[Black "Szrama, Arthur A"]
[Result "1/2-1/2"]
[WhiteElo "2453"]
[BlackElo "2375"]
[PlyCount "104"]
[EventDate "2001.06.15"]
[EventType "tourn (corr)"]
[EventRounds "11"]
[SourceTitle "Corr 2008"]
[Source "ChessBase"]
[SourceDate "2008.06.24"]
[SourceVersion "1"]
[SourceVersionDate "2008.06.24"]
[SourceQuality "1"]

1. e4 c5 2. Nf3 d6 3. d4 cxd4 4. Nxd4 Nf6 5. Nc3 Nc6 6. f3 e5 7. Nb3 Be7 8. Be3 0-0 9. Qd2 a5 10. Bb5 Na7 11. Bd3 Nc6 12. a3 a4 13. Nc1 Be6 14. N1e2 d5 15. exd5 Nxd5 16. Nxd5 Qxd5 17. Nc3 Qa5 18. Qf2 Nd4 19. f4 Rfd8 20. 0-0 exf4 21. Qxf4 Qh5 22. h3 Nc6 23. Rae1 Bd6 24. Qg5 Qxg5 25. Bxg5 Rdc8 26. Re4 Ne5 27. Nxa4 Nc4 28. Bxc4 Bxc4 29. Rd1 Bxa3 30. bxa3 Rxa4 31. Be7 Bb3 32. Re2 Be6 33. Bb4 Raa8 34. g4 h5 35. gxh5 Bxh3 36. Rd4 Be6 37. Kf2 Kh7 38. c3 Rc6 39. Red2 Kh6 40. Rh4 Re8 41. Rdd4 b5 42. Rhe4 f6 43. Rd6 Rxd6 44. Bxd6 Kxh5 45. Rb4 Bd7 46. c4 bxc4 47. Rxc4 g5 48. Rc7 Ba4 49. Rc4 Ra8 50. Be7 f5 51. Rd4 Bc6 52. Rc4 Ra6 1/2-1/2

[Event "IECG WC.2002.T.00001 email"]
[Site "IECG email"]
[Date "2001.06.15"]
[Round "?"]
[White "Szrama, Arthur A"]
[Black "Kerndl, Rainer"]
[Result "0-1"]
[WhiteElo "2375"]
[BlackElo "2325"]
[PlyCount "72"]
[EventDate "2001.06.15"]
[EventType "tourn (corr)"]
[EventRounds "11"]
[SourceTitle "Corr 2008"]
[Source "ChessBase"]
[SourceDate "2008.06.24"]
[SourceVersion "1"]
[SourceVersionDate "2008.06.24"]
[SourceQuality "1"]

1. d4 Nf6 2. c4 e6 3. Nc3 Bb4 4. Qc2 c5 5. dxc5 Bxc5 6. Nf3 Nc6 7. Bg5 h6 8. Bh4 g5 9. Bg3 Nh5 10. e3 Nxg3 11. hxg3 g4 12. Nd2 Nb4 13. Qa4 f5 14. 0-0-0 b6 15. Nb3 Na6 16. Nb5 Bf8 17. Be2 Bb7 18. Nd6+ Bxd6 19. Rxd6 Nc7 20. Rhd1 Rh7 21. c5 Qc8 22. f3 Bc6 23. Rxc6 dxc6 24. Qxc6+ Kf8 25. Qd6+ Kg8 26. fxg4 fxg4 27. Bxg4 Qe8 28. Bf3 Rc8 29. Rd4 Rg7 30. Rh4 Qg6 31. Rg4 Qf7 32. Rh4 Qf6 33. Qf4 Rg6 34. Qxf6 Rxf6 35. Ra4 bxc5 36. Rxa7 Nd5 0-1

[Event "IECG WC.2003.S.00006 email"]
[Site "IECG email"]
[Date "2001.04.01"]
[Round "?"]
[White "Schoonhoven, Jan Willem"]
[Black "Szrama, Arthur A"]
[Result "0-1"]
[WhiteElo "2280"]
[BlackElo "2375"]
[PlyCount "84"]
[EventDate "2001.04.01"]
[EventType "tourn (corr)"]
[EventRounds "8"]
[SourceTitle "Corr 2008"]
[Source "ChessBase"]
[SourceDate "2008.06.24"]
[SourceVersion "1"]
[SourceVersionDate "2008.06.24"]
[SourceQuality "1"]

1. e4 c5 2. Nf3 d6 3. d4 cxd4 4. Nxd4 Nf6 5. Nc3 Nc6 6. Bg5 e6 7. Qd2 a6 8. 0-0-0 h6 9. Be3 Bd7 10. f3 b5 11. g4 Nxd4 12. Bxd4 b4 13. Ne2 e5 14. Be3 Qa5 15. Kb1 Be6 16. Nc1 d5 17. Nb3 Qc7 18. exd5 Nxd5 19. Bf2 Be7 20. Bg3 Bg5 21. Qf2 0-0 22. Bd3 Be3 23. Qe1 a5 24. Be4 a4 25. Nc1 Nc3+ 26. bxc3 bxc3 27. Qxe3 Qb8+ 28. Nb3 axb3 29. cxb3 Bxb3 30. Qxc3 Bxd1+ 31. Ka1 Qa7 32. Bxa8 Rxa8 33. a3 Qe7 34. Ka2 Qe6+ 35. Ka1 Rc8 36. Qb2 Rc2 37. Rxd1 Rxb2 38. Kxb2 Qf6 39. Ka2 Qxf3 40. Rd8+ Kh7 41. Bxe5 Qxg4 42. Bb2 Qf4 0-1

[Event "IECG WC.2003.S.00006 email"]
[Site "IECG email"]
[Date "2001.04.01"]
[Round "?"]
[White "Sidenko, Anatoly Viktorovich"]
[Black "Szrama, Arthur A"]
[Result "1/2-1/2"]
[WhiteElo "2177"]
[BlackElo "2375"]
[PlyCount "66"]
[EventDate "2001.04.01"]
[EventType "tourn (corr)"]
[EventRounds "8"]
[SourceTitle "Corr 2008"]
[Source "ChessBase"]
[SourceDate "2008.06.24"]
[SourceVersion "1"]
[SourceVersionDate "2008.06.24"]
[SourceQuality "1"]

1. d4 Nf6 2. Bg5 e6 3. c4 h6 4. Bxf6 Qxf6 5. Nc3 Bb4 6. g3 e5 7. Nf3 exd4 8. Qxd4 Qxd4 9. Nxd4 Bxc3+ 10. bxc3 d6 11. Bg2 Na6 12. Kd2 Kd8 13. a4 c6 14. a5 Kc7 15. Rhb1 Bd7 16. Rb2 Rhe8 17. e3 Nc5 18. h3 Re7 19. Rab1 Rae8 20. Nb3 Nxb3+ 21. Rxb3 Bc8 22. Ra1 Re5 23. Rb4 g5 24. Kd3 R8e7 25. Ra2 Bf5+ 26. Kd2 f6 27. g4 Bc8 28. Bf3 f5 29. Kd3 Rc5 30. Be2 Ree5 31. Rba4 Be6 32. Ra1 Re4 33. Kd2 Bc8 1/2-1/2

[Event "IECG WC.2003.S.00006 email"]
[Site "IECG email"]
[Date "2001.04.01"]
[Round "?"]
[White "Szrama, Arthur A"]
[Black "Schmitzer, Klaus"]
[Result "1/2-1/2"]
[WhiteElo "2375"]
[BlackElo "2418"]
[PlyCount "49"]
[EventDate "2001.04.01"]
[EventType "tourn (corr)"]
[EventRounds "8"]
[SourceTitle "Corr 2008"]
[Source "ChessBase"]
[SourceDate "2008.06.24"]
[SourceVersion "1"]
[SourceVersionDate "2008.06.24"]
[SourceQuality "1"]

1. d4 Nf6 2. c4 e6 3. Nc3 Bb4 4. Qc2 c5 5. dxc5 Na6 6. a3 Bxc3+ 7. Qxc3 Nxc5 8. b4 Nce4 9. Qb2 d5 10. c5 d4 11. e3 Ng4 12. Nh3 dxe3 13. Qxg7 Ke7 14. fxe3 Rg8 15. Qd4 Qxd4 16. exd4 a5 17. b5 Rd8 18. Be2 f5 19. Bxg4 fxg4 20. Ng5 Rxd4 21. 0-0 e5 22. Nxh7 Be6 23. Be3 Rc4 24. Rad1 Bg8 25. Ng5 1/2-1/2

[Event "IECG WC.2000.F.00001 email"]
[Site "IECG email"]
[Date "2000.11.01"]
[Round "?"]
[White "Polaczek, Richard"]
[Black "Szrama, Arthur A"]
[Result "0-1"]
[WhiteElo "2453"]
[BlackElo "2367"]
[PlyCount "93"]
[EventDate "2000.11.01"]
[EventType "tourn (corr)"]
[EventRounds "14"]
[SourceTitle "Corr 2008"]
[Source "ChessBase"]
[SourceDate "2008.06.24"]
[SourceVersion "1"]
[SourceVersionDate "2008.06.24"]
[SourceQuality "1"]

1. e4 c5 2. Nf3 d6 3. d4 cxd4 4. Nxd4 Nf6 5. Nc3 Nc6 6. Bg5 e6 7. Qd2 a6 8. 0-0-0 h6 9. Nxc6 bxc6 10. Bf4 d5 11. Qe3 Be7 12. Be2 Nd7 13. exd5 cxd5 14. Rxd5 exd5 15. Nxd5 Kf8 16. Rd1 Bc5 17. Qc3 Bb7 18. Nc7 Rc8 19. Rxd7 Qxd7 20. Qxc5+ Kg8 21. f3 Bc6 22. Qb6 Qe7 23. Bd1 Qf6 24. Bd2 Kh7 25. Nxa6 Rhd8 26. Qe3 Qh4 27. Nb4 Qxh2 28. Qf2 Bb5 29. c3 Qh1 30. Nc2 Ra8 31. a3 Ba4 32. g4 Rab8 33. Qe2 Kg8 34. b4 Bxc2 35. Kxc2 Rb6 36. Qe1 Qh2 37. Qe2 Qc7 38. Kb2 Re6 39. Qf2 Qc4 40. Bb3 Re2 41. Bxc4 Rdxd2+ 42. Kb3 Rxf2 43. a4 Kf8 44. a5 Ke7 45. a6 Ra2 46. Bb5 Kd6 47. c4 0-1

[Event "IECG WC.2000.F.00001 email"]
[Site "IECG email"]
[Date "2000.11.01"]
[Round "?"]
[White "Siefring, Carl L"]
[Black "Szrama, Arthur A"]
[Result "1/2-1/2"]
[WhiteElo "2205"]
[BlackElo "2367"]
[PlyCount "63"]
[EventDate "2000.11.01"]
[EventType "tourn (corr)"]
[EventRounds "14"]
[SourceTitle "Corr 2008"]
[Source "ChessBase"]
[SourceDate "2008.06.24"]
[SourceVersion "1"]
[SourceVersionDate "2008.06.24"]
[SourceQuality "1"]

1. e4 c5 2. Nf3 d6 3. d4 cxd4 4. Nxd4 Nf6 5. Nc3 Nc6 6. Bg5 e6 7. Qd2 a6 8. 0-0-0 Bd7 9. f3 Be7 10. h4 Rc8 11. g4 h5 12. gxh5 Nxh5 13. Nxc6 Rxc6 14. Rg1 g6 15. Kb1 Bxg5 16. hxg5 e5 17. Rh1 Be6 18. Nd5 Bxd5 19. exd5 Rc7 20. Be2 Rg8 21. Rde1 Kf8 22. Bd3 Nf4 23. Reg1 b5 24. Be4 Rc4 25. Rg4 Qb6 26. Rgh4 b4 27. Qh2 Qe3 28. Rh7 Ke7 29. Qh4 Qc5 30. Qg4 Qc8 31. Qg3 Qc5 32. Qg4 1/2-1/2

[Event "IECG WC.2000.F.00001 email"]
[Site "IECG email"]
[Date "2000.11.01"]
[Round "?"]
[White "Szrama, Arthur A"]
[Black "Chorfi, Khaled"]
[Result "1-0"]
[WhiteElo "2367"]
[BlackElo "2441"]
[PlyCount "65"]
[EventDate "2000.11.01"]
[EventType "tourn (corr)"]
[EventRounds "14"]
[SourceTitle "Corr 2008"]
[Source "ChessBase"]
[SourceDate "2008.06.24"]
[SourceVersion "1"]
[SourceVersionDate "2008.06.24"]
[SourceQuality "1"]

1. d4 Nf6 2. c4 g6 3. Nc3 Bg7 4. e4 d6 5. Be2 0-0 6. Nf3 e5 7. 0-0 Nc6 8. d5 Ne7 9. Ne1 Ne8 10. Nd3 f5 11. f4 exf4 12. Bxf4 fxe4 13. Nxe4 Nf5 14. Qd2 Nf6 15. Ndf2 Nxe4 16. Nxe4 h6 17. Rae1 g5 18. Bg3 Nxg3 19. Nxg3 Bd7 20. Bd3 Be5 21. Nf5 Bxf5 22. Bxf5 Qe7 23. Qd3 Kh8 24. b3 Rf6 25. g4 c5 26. dxc6 bxc6 27. Be4 d5 28. cxd5 Rd8 29. Rxf6 Qxf6 30. Rf1 Qd6 31. Rf7 Bg7 32. Rf5 Be5 33. Rf7 1-0

[Event "IECG WC.2002.S.00003 email"]
[Site "IECG email"]
[Date "2000.??.??"]
[Round "?"]
[White "Szrama, Arthur A"]
[Black "Steinfeld, Thomas"]
[Result "1-0"]
[WhiteElo "2370"]
[BlackElo "1330"]
[PlyCount "29"]
[EventDate "2000.03.10"]
[EventType "tourn (corr)"]
[EventRounds "8"]
[SourceTitle "Corr 2008"]
[Source "ChessBase"]
[SourceDate "2008.06.24"]
[SourceVersion "1"]
[SourceVersionDate "2008.06.24"]
[SourceQuality "1"]

1. d4 c6 2. c4 d5 3. Nc3 Nf6 4. Nf3 dxc4 5. a4 Bf5 6. e3 e6 7. Bxc4 Bb4 8. 0-0 Nbd7 9. Qe2 0-0 10. e4 Bg6 11. Bd3 Bh5 12. e5 Nd5 13. Ne4 Be7 14. Ng3 Bg6 15. Bxg6 1-0

[Event "IECG W-ch1 email"]
[Site "IECG email"]
[Date "1997.??.??"]
[Round "?"]
[White "Szrama, Arthur A"]
[Black "Neven, Knut G"]
[Result "1/2-1/2"]
[WhiteElo "2379"]
[BlackElo "2375"]
[PlyCount "40"]
[EventDate "1997.??.??"]
[EventType "tourn (corr)"]
[EventRounds "8"]
[EventCategory "10"]
[SourceTitle "Corr 2004"]
[Source "ChessBase"]
[SourceDate "2003.04.28"]
[SourceVersion "3"]
[SourceVersionDate "2003.04.28"]
[SourceQuality "1"]

1. e4 e6 2. d4 d5 3. e5 c5 4. c3 Nc6 5. Nf3 Bd7 6. Be2 f6 7. 0-0 fxe5 8. Nxe5 Nxe5 9. dxe5 Qc7 10. c4 0-0-0 11. cxd5 Qxe5 12. Nc3 Nf6 13. dxe6 Bxe6 14. Qa4 Bd6 15. g3 Kb8 16. Nb5 a6 17. Nxd6 Qxe2 18. Bf4 Bd5 19. Qd1 Qxd1 20. Rfxd1 Ka7 1/2-1/2

[Event "IECG W-ch1 email"]
[Site "IECG email"]
[Date "1997.??.??"]
[Round "?"]
[White "Szrama, Arthur A"]
[Black "Pecha, Martin"]
[Result "0-1"]
[WhiteElo "2379"]
[BlackElo "2327"]
[PlyCount "60"]
[EventDate "1997.??.??"]
[EventType "tourn (corr)"]
[EventRounds "8"]
[EventCategory "10"]
[SourceTitle "Corr 2004"]
[Source "ChessBase"]
[SourceDate "2003.04.28"]
[SourceVersion "3"]
[SourceVersionDate "2003.04.28"]
[SourceQuality "1"]

1. e4 c5 2. d4 cxd4 3. c3 dxc3 4. Nxc3 Nc6 5. Nf3 e6 6. Bc4 a6 7. 0-0 Nge7 8. Bg5 h6 9. Bh4 Qa5 10. Bg3 Ng6 11. Re1 Be7 12. a3 b5 13. b4 Qb6 14. Bb3 0-0 15. Qd3 d6 16. Rad1 Bb7 17. Qe3 Qxe3 18. Rxe3 Rfd8 19. Red3 Rac8 20. Ne2 a5 21. Bxd6 axb4 22. Bxe7 Rxd3 23. Rxd3 Ncxe7 24. axb4 Bxe4 25. Re3 Bd5 26. Bxd5 Nxd5 27. Rb3 Ngf4 28. Kf1 Nxe2 29. Kxe2 Nf4+ 30. Kd2 Nxg2 0-1

[Event "IECG W-ch1 email"]
[Site "IECG email"]
[Date "1997.??.??"]
[Round "?"]
[White "Webb, Simon"]
[Black "Szrama, Arthur A"]
[Result "1/2-1/2"]
[WhiteElo "2682"]
[BlackElo "2379"]
[PlyCount "142"]
[EventDate "1997.??.??"]
[EventType "tourn (corr)"]
[EventRounds "8"]
[EventCategory "10"]
[SourceTitle "Corr 2004"]
[Source "ChessBase"]
[SourceDate "2003.04.28"]
[SourceVersion "3"]
[SourceVersionDate "2003.04.28"]
[SourceQuality "1"]

1. d4 Nf6 2. c4 e6 3. Nc3 d5 4. cxd5 exd5 5. Bg5 Be7 6. e3 0-0 7. Bd3 Nbd7 8. Nge2 Re8 9. 0-0 c6 10. Qc2 Nf8 11. f3 Ng6 12. e4 dxe4 13. fxe4 Be6 14. Bxf6 Bxf6 15. e5 Be7 16. Rad1 Bf8 17. Ne4 Qb6 18. Kh1 Be7 19. Bc4 Bxc4 20. Qxc4 Rf8 21. N2g3 Nh4 22. Rd2 Rad8 23. a3 Rd5 24. Ne2 Ng6 25. Rc2 Qb5 26. Qxb5 Rxb5 27. g3 Rd8 28. b4 Rbd5 29. Rb1 Nf8 30. Nc5 Rb8 31. Nb3 f6 32. exf6 Bxf6 33. Rd1 Ne6 34. Rcd2 Rbd8 35. Nc3 R5d7 36. Ne4 Be7 37. Kg2 Kf7 38. Rf1+ Kg6 39. Re1 Re8 40. Rf2 Bd8 41. Rd1 Bb6 42. Nc3 Red8 43. Rfd2 Nc7 44. Re1 a6 45. Re4 Nd5 46. Na4 Nf6 47. Rf4 Ba7 48. Nb2 Re7 49. Nc4 h6 50. Rf3 Re1 51. Ne5+ Kh7 52. Nd3 Re7 53. Ndc5 Bb6 54. Rdd3 Rde8 55. h3 Nd5 56. Rf2 Ne3+ 57. Kg1 Nc4 58. Nd2 Re1+ 59. Rf1 Nxd2 60. Rxd2 Rxf1+ 61. Kxf1 Re3 62. Kg2 Rxa3 63. Nxb7 Bc7 64. Rc2 Rxg3+ 65. Kf2 Rxh3 66. Rxc6 Bf4 67. d5 Rd3 68. d6 g5 69. Nc5 Rd2+ 70. Ke1 Rd5 71. Ne4 Rd4 1/2-1/2

[Event "IECG CM.1996.0.00009"]
[Site "IECG email"]
[Date "1996.??.??"]
[Round "?"]
[White "Carr, Steven"]
[Black "Szrama, Arthur A"]
[Result "0-1"]
[WhiteElo "1969"]
[BlackElo "2343"]
[PlyCount "56"]
[EventDate "1996.02.20"]
[EventType "tourn (corr)"]
[EventRounds "6"]
[SourceTitle "Corr 2008"]
[Source "ChessBase"]
[SourceDate "2008.06.24"]
[SourceVersion "1"]
[SourceVersionDate "2008.06.24"]
[SourceQuality "1"]

1. d4 Nf6 2. Bg5 d5 3. Bxf6 exf6 4. Nf3 g6 5. e3 Bg7 6. c4 dxc4 7. Bxc4 0-0 8. 0-0 Nd7 9. Nc3 Nb6 10. Bb3 c6 11. h3 Re8 12. Qd2 f5 13. Rac1 Be6 14. Bxe6 Rxe6 15. Rfd1 Qe7 16. Ne2 Nd5 17. Nc3 Nb6 18. Ne2 Bh6 19. Ne5 f6 20. Nd3 Rxe3 21. Ng3 Rxd3 22. Qxh6 Rxd1+ 23. Rxd1 Nd5 24. Qd2 Re8 25. Rc1 f4 26. Nf1 f3 27. g3 Qd7 28. Qd3 Nf4 0-1

[Event "IECG CM.1996.0.00009"]
[Site "IECG email"]
[Date "1996.??.??"]
[Round "?"]
[White "Pahlen, Hans"]
[Black "Szrama, Arthur A"]
[Result "1/2-1/2"]
[WhiteElo "2202"]
[BlackElo "2343"]
[PlyCount "51"]
[EventDate "1996.02.20"]
[EventType "tourn (corr)"]
[EventRounds "6"]
[SourceTitle "Corr 2008"]
[Source "ChessBase"]
[SourceDate "2008.06.24"]
[SourceVersion "1"]
[SourceVersionDate "2008.06.24"]
[SourceQuality "1"]

1. d4 Nf6 2. c4 d6 3. Nf3 g6 4. g3 Bg7 5. Bg2 0-0 6. 0-0 Nbd7 7. Nc3 e5 8. e4 exd4 9. Nxd4 Re8 10. h3 a6 11. Re1 Rb8 12. Rb1 h6 13. Be3 Nc5 14. Qc2 Nh7 15. Rbd1 Bd7 16. f4 Ne6 17. Nf3 Nef8 18. e5 Qc8 19. exd6 cxd6 20. Ba7 Ra8 21. Rxe8 Qxe8 22. Bf2 b5 23. Rxd6 bxc4 24. Ne5 Be6 25. Bxa8 Qxa8 26. Qe4 1/2-1/2

[Event "IECG CM.1995.0.00003"]
[Site "IECG email"]
[Date "1995.??.??"]
[Round "?"]
[White "Szrama, Arthur A"]
[Black "Oortwijn, Ron A"]
[Result "1/2-1/2"]
[WhiteElo "2343"]
[BlackElo "2294"]
[PlyCount "90"]
[EventDate "1995.10.??"]
[EventType "tourn (corr)"]
[EventRounds "6"]
[SourceTitle "Corr 2008"]
[Source "ChessBase"]
[SourceDate "2008.06.24"]
[SourceVersion "1"]
[SourceVersionDate "2008.06.24"]
[SourceQuality "1"]

1. d4 Nf6 2. c4 e6 3. Nc3 Bb4 4. Qc2 0-0 5. Nf3 c5 6. dxc5 Na6 7. g3 Nxc5 8. Bg2 b6 9. 0-0 Bb7 10. Bf4 d5 11. Nb5 Nce4 12. Qa4 Bc5 13. Nbd4 Qe8 14. Qxe8 Rfxe8 15. Nb3 Bxf2+ 16. Rxf2 Nxf2 17. Kxf2 Ng4+ 18. Kg1 e5 19. Bg5 h6 20. h3 hxg5 21. hxg4 dxc4 22. Nbd2 Bxf3 23. Bxf3 Rac8 24. Rc1 b5 25. Kf2 Red8 26. Ke3 f6 27. Bb7 Rb8 28. Bc6 Rb6 29. Be4 Rbd6 30. Rc2 Kf7 31. Nb1 Rd4 32. Nc3 a6 33. a4 b4 34. Nb1 R8d7 35. Kf3 Rc7 36. Nd2 c3 37. Nb3 Rd1 38. bxc3 bxc3 39. Ra2 Ke7 40. Bc2 Rd6 41. Ra1 Rb6 42. Ra3 e4+ 43. Kxe4 Rc4+ 44. Kf3 Rbb4 45. Na5 Rc8 1/2-1/2